<Die> Dienstleistungsnachfrage als Determinante des wirtschaftlichen Strukturwandels
Saved in:
| Main Author: | |
|---|---|
| Format: | Book |
| Language: | German |
| Published: |
Tübingen
Mohr
1993
|
| Edition: | 1. Aufl. |
| Series: | Kieler Studien
252 |
| Subjects: | |
| Tags: |
No Tags, Be the first to tag this record!
|
MARC
| LEADER | 00000nam a2200000 4500 | ||
|---|---|---|---|
| 001 | c002995 | ||
| 005 | 20221206074339.5 | ||
| 020 | |a 3-16-146077-4 | ||
| 041 | 0 | |a ger | |
| 044 | |a DE | ||
| 245 | 1 | 0 | |a <Die> Dienstleistungsnachfrage als Determinante des wirtschaftlichen Strukturwandels |c Erich Gundlach |
| 250 | |a 1. Aufl. | ||
| 264 | 1 | |a Tübingen |b Mohr |c 1993 | |
| 300 | |a 201 s. | ||
| 490 | 1 | |a Kieler Studien |v 252 | |
| 830 | 0 | |a Kieler Studien |v 252 | |
| 610 | 2 | 0 | |a dopyt |
| 610 | 2 | 0 | |a služby |
| 610 | 2 | 0 | |a zmeny štruktúrne |
| 610 | 2 | 0 | |a modely ekonomické |
| 610 | 2 | 0 | |a štruktúra ekonomická |
| 610 | 2 | 0 | |a analýza ekonomická |
| 610 | 2 | 0 | |a Nemecko |
| 100 | 1 | |a Gundlach, Erich | |